Central Library OPAC University of Rajshahi

European politics I / (Record no. 24910)

MARC details
000 -LEADER
fixed length control field 00928nam a2200277 a 4500
001 - CONTROL NUMBER
control field 24910
003 - CONTROL NUMBER IDENTIFIER
rucl marc code (BR-RjUL
005 - DATE AND TIME OF LATEST TRANSACTION
control field 20211209001120.0
008 - FIXED-LENGTH DATA ELEMENTS--GENERAL INFORMATION
fixed length control field 140315r19659999nju b 001 0 eng d
035 ## - SYSTEM CONTROL NUMBER
System control number (BR-RjUL)24979
040 ## - CATALOGING SOURCE
Original cataloging agency MBB
Transcribing agency MBB
Modifying agency m/c
-- BR-RjUL
Language of cataloging eng
041 ## - LANGUAGE CODE
Language code of text/sound track or separate title eng
082 ## - DEWEY DECIMAL CLASSIFICATION NUMBER
Classification number 940
Author mark and year EUR 1966
090 ## - LOCALLY ASSIGNED LC-TYPE CALL NUMBER (OCLC); LOCAL CALL NUMBER (OCLC)
Classification number (OCLC) (R) ; Classification number, CALL (RLIN) (NR) D1051
Local cutter number (OCLC) ; Book number/undivided call number, CALL (RLIN) .E85
245 00 - TITLE STATEMENT
Title European politics I /
Statement of responsibility, etc. Edited by William G. Andrews.
260 ## - PUBLICATION, DISTRIBUTION, ETC. (IMPRINT)
Place of publication, distribution, etc. Princeton, N. J :
Name of publisher, distributor, etc. D. Van Nostrand,
Date of publication, distribution, etc. 1966.
300 ## - PHYSICAL DESCRIPTION
Pagination 245 p. :
Size 21 cm
Illustrations ill. ;
490 0# - SERIES STATEMENT
Series statement A Comparative Government Biennial
504 ## - BIBLIOGRAPHY, ETC. NOTE
Bibliography, etc Includes bibliographical references
505 0# - FORMATTED CONTENTS NOTE
Formatted contents note v.1 - The Restless Search -- v.2 - The Dynamics of Change
651 #0 - SUBJECT ADDED ENTRY--GEOGRAPHIC NAME
Geographic name Europe
General subdivision Politics and government
Chronological subdivision 1918-1945
9 (RLIN) 6674
700 1# - ADDED ENTRY--PERSONAL NAME
Personal name Andrews, William George,
Dates associated with a name 1930-
Personal name Macridis, Roy C.
Personal name Friedrich, Carl J.
Fuller form of name (Carl Joachim),
Dates associated with a name 1901-1984.
942 ## - ADDED ENTRY ELEMENTS (KOHA)
Source of classification or shelving scheme Dewey Decimal Classification
Koha item type Books
Holdings
Lost status Source of classification or shelving scheme Damaged status Not for loan Collection code Permanent Location Current Location Shelving location Date acquired Total Checkouts Full call number Date last seen Copy number Koha item type
  Dewey Decimal Classification   Added to bundle Non-fiction Central Library, University of Rajshahi Central Library, University of Rajshahi Reading Room 15/03/2014   940 EUR 1966 15/03/2014 C-1 Books